00806 2200193 4500001002100000005001500021035002000036245022900056100002000285250002000305300005300325856003600378700009600414260004000510082001000550084001600560020002200576600001400598INLIS00000000114676420260212094428 a0010-02260003841 aAPLIKASI KONSEP DAN TEORI KEPERAWATAN MATERNITAS POSTPARTUM DENGAN KEMATIAN JANIN /cPenulis; Diyan Indriyani, S.Kp..,M.Kep.,Sp.Mat, Editor; Rose Kusumaning Ratri, Proofreader; Nurhid, Desain Cover; TriAT, Desain cover; Joko0 aDiyan Indriyani aCetakan Pertama a192 halaman :bIlustrasi ;c14,8 x 21 cmeKertas aPERPUSTAKAAN UMUM KOTA MAKASSAR0 aEditor; Rose Kusumaning Ratri, Proofreader; Nurhid, Desain Cover; TriAT, Desain cover; Joko aYogyakarta :bAr- Ruzz Media,c2024 a613.5 a613.5 DIY a a978-602-7874-02-2 4aKebidanan